Países con 'E' - Estadísticas

Estadísticas generales
  • Esta prueba ha sido intentada 43 veces
    42 desde el último reinicio
  • La puntuación promedio es 8 de 13
Estadísticas de respuestas
País % Correcto
España
91%
Estonia
91%
Etiopía
85%
Estados Unidos
79%
Eritrea
73%
El Salvador
67%
Eslovenia
67%
Ecuador
64%
Eslovaquia
64%
Emiratos Árabes Unidos
61%
Esuatini
45%
Egipto
36%
Escocia
15%
No se encontraron pruebas coincidentes
Distribución de puntuación
Porcentaje de gente con cada puntuación
Porcentaje por número respondido
Historial de tus puntuaciones
No has intentado esta prueba desde el último reinicio